Visualizzazione normale
Vista MARC
- Raupach Ernst
di Personal Name
Records bibliografici associati: 1
001 - CONTROL NUMBER
- control field: 20896
003 - CONTROL NUMBER IDENTIFIER
- control field: IT-RoPau
005 - DATE AND TIME OF LATEST TRANSACTION
- control field: 20140415215525.0
008 - FIXED-LENGTH DATA ELEMENTS
- fixed length control field: 140415|| aca||aabn | a|a d
040 ## - CATALOGING SOURCE
- Original cataloging agency: IT-RoPau
- Transcribing agency: IT-RoPau
100 ## - HEADING--PERSONAL NAME
- Personal name: Raupach Ernst
- Relator term: Autore testo
- Miscellaneous information: Codice autore testo SPICS: 34659
670 ## - SOURCE DATA FOUND
- Source citation: Work cat.: (IT-RoPau)104050: Spontini Gaspare 20893, Agnese di Hohenstaufen